Brass spikes and horsetail plumes : a history of U.S. Army dress helmets, 1872-1904 /

Bibliographic Details
Main Author: Chappell, Gordon S.
Format: Book
Language:English
Published: Gettysburg, PA : Thomas Publications, [1997]
Subjects:

MARC

Tag First Indicator Second Indicator Subfields
LEADER 00000cam a2200000Ia 4500
001 in00003441257
005 20151206102916.0
008 970318s1997 paua b 001 0 eng d
020 |a 157747001X :  |c $29.95 
020 |a 9781577470014 
035 |a (OCoLC)ocm36571424 
035 |a (OCoLC)36571424 
040 |a DPL  |b eng  |c DPL  |d UES  |d BAKER  |d YDXCP  |d OCLCQ  |d OCLCF  |d TXA  |d UtOrBLW 
043 |a n-us--- 
049 |a TXAM 
050 4 |a UC503  |b .C52 1997 
090 |a UC503  |b .C49 1997 
092 0 |a 355.140973  |2 21 
100 1 |a Chappell, Gordon S. 
245 1 0 |a Brass spikes and horsetail plumes :  |b a history of U.S. Army dress helmets, 1872-1904 /  |c by Gordon Chappell. 
264 1 |a Gettysburg, PA :  |b Thomas Publications,  |c [1997] 
264 4 |c ©1997 
300 |a x, 116 pages :  |b chiefly illustrations ;  |c 29 cm. 
336 |a text  |b txt  |2 rdacontent 
337 |a unmediated  |b n  |2 rdamedia 
338 |a volume  |b nc  |2 rdacarrier 
504 |a Includes bibliographical references (pages [111]-114) and index. 
505 0 |a Plumed helmets for Horse Soldiers, 1872-1881 -- Modifying military fashion, 1878-1881 -- A military fashion for Victorian America, 1881-1902 -- Uniforms for a new century, 1901-1904 -- Appendices: Contracts for enlisted dress helmets, 1872-pattern -- Contracts for untrimmed felt dress helmets, 1881-1902 -- Dates of authorization of helmet insignia, 1872-1902. 
610 1 0 |a United States.  |b Army  |x Uniforms  |x History. 
650 0 |a Helmets  |z United States  |x History. 
650 0 |a Headgear  |z United States  |x History. 
938 |a Baker & Taylor  |b BKTY  |c 29.95  |d 34.90  |i 157747001X  |n 0003103668  |s active 
938 |a YBP Library Services  |b YANK  |n 1705477 
948 |a cataloged  |b h  |c 2014/8/14  |d c  |e junters  |f 4:52:20 pm 
994 |a C0  |b TXA 
999 |a MARS 
999 f f |s 49e45935-e899-31e5-aef6-d04b1890e236  |i ad85e3ff-74da-3afb-924f-33bff60d64ac  |t 0 
952 f f |p noncirc  |a Texas A&M University  |b College Station  |c Cushing Memorial Library & Archives  |d Cushing: Ragan Military (Does not check out)  |t 0  |e UC503 .C49 1997  |h Library of Congress classification  |i unmediated -- volume 
998 f f |a UC503 .C49 1997  |t 0  |l Cushing: Ragan Military (Does not check out)